Statistics for Marvel Studio Movies

Click here to take the quiz!

General Stats

  • This quiz has been taken 446 times
    (380 since last reset)
  • The average score is 18 of 28

Answer Stats

HintAnswer% Correct
2008Iron Man
94%
2011Captain America: The First Avenger
91%
2010Iron Man 2
89%
2011Thor
89%
2012The Avengers
88%
2002Spider-Man
86%
2003Hulk
83%
2004Spider Man 2
80%
2007Spider-Man 3
78%
2000X-Men
78%
2008The Incredible Hulk
74%
2003X2: X-Men United
71%
2006X-Men: The Last Stand
70%
2012Ultimate Spider man
69%
2005Fantastic Four
66%
2003DareDevil
60%
2009X-Men Orgins: Wolverine
57%
1998Blade
56%
2007Fantastic Four: Rise of the Silver Surfer
56%
2011X-Men: First Class
54%
2002Blade 2
52%
2007Ghost Rider
51%
2004Blade: Trinity
49%
2005Elektra
47%
2004The Punisher
42%
2012Ghost Rider: Spirit of Vengence
41%
2008Punisher: War Zone
30%
2005Man-Thing
20%

Score Distribution

Percentile by Number Answered

Percent of People with Each Score

Your Score History

You have not taken this quiz since the last reset